| 000 | 00713nam a22001937a 4500 | ||
|---|---|---|---|
| 003 | CEME | ||
| 005 | 20210628204116.0 | ||
| 008 | 210105b xxu||||| |||| 00| 0 eng d | ||
| 020 | _a9780080969558 | ||
| 040 | _cceme | ||
| 082 | _a629.287 DEN | ||
| 100 |
_aDenton, Tom _964787 |
||
| 245 | _aAdvanced automotive fault diagnosis, automotive technology: vehicle maintenance and repair | ||
| 250 | _a3RD | ||
| 260 |
_aNEW YORK _bROUTLEDGE _c2012 |
||
| 300 | _aXXII, 428P | ||
| 650 |
_aAUTOMOTIVE FAULT DIAGNOSIS. AUTOMOTIVE MECHANICAL SYSTEMS. AUTOMOTIVE -ELECTRICAL SYSTEMS. ENGINE MANAGEMENT. SENSORS, ACTUATORS AND ELECTRONICS.AUTOMOTIVE TECHNOLOGY. VEHICLE MAINTENANCE AND REPAIR _968780 |
||
| 942 |
_cBK _2ddc |
||
| 999 |
_c576249 _d576249 |
||